Poskytovanie prostriedkov vrátane preddavkov z verejných prostriedkov v podnikateľskej sfére

Podnikateľské subjekty prijímajúce finančné prostriedky od subjektov verejnej správy majú povinnosť dodržiavať všeobecne záväzné právne predpisy, ktoré upravujú oblasť hospodárenia a nakladania s týmito prostriedkami. Ilustračné príklady.

Salvato in:
Dettagli Bibliografici
Autore principale: Veverková, Ingrid
Natura: Capitolo di libro
Lingua:slovacco
Soggetti:
Tags: Aggiungi Tag
Nessun Tag, puoi essere il primo ad aggiungerne!!

MARC

LEADER 00000naa a2200000 4500
001 0151551
005 20231208084938.7
041 0 |a slo 
044 |a SK 
245 1 0 |a Poskytovanie prostriedkov vrátane preddavkov z verejných prostriedkov v podnikateľskej sfére  |c Ingrid Veverková 
520 |a Podnikateľské subjekty prijímajúce finančné prostriedky od subjektov verejnej správy majú povinnosť dodržiavať všeobecne záväzné právne predpisy, ktoré upravujú oblasť hospodárenia a nakladania s týmito prostriedkami. Ilustračné príklady. 
610 2 0 |a účtovníctvo podvojné 
610 2 0 |a prostriedky peňažné 
610 2 0 |a podnikatelia 
610 2 0 |a správa verejná 
100 1 |a Veverková, Ingrid